000 00236nam a22001097a 4500
003 OSt
008 241206b |||||||| |||| 00| 0 eng d
041 _aeng
100 _aChacko, PT
_96453
245 _aVijnanavum Veekshanavum
942 _cBK
999 _c18329
_d18329